Matica Slovenská

Bibliographic Details
Format: Image
Language:Slovak
PhysicalDescription:1 pohľadnica
Published: [Turč.Sv.Martin?] [vydavateľ neznámy] [medzi 1920 a 1951?]
Subjects:

MARC

LEADER 00000nkm a2200000 a 4500
001 vtls001381908
003 SK-MaSNL
005 20260425234811.0
008 231206q1920 xo 0k|slo
035 |a SNK000335943 
040 |a SNK  |b slo  |c SNK  |e AACR2 
245 0 0 |a Matica Slovenská  |h grafika 
260 |a [Turč.Sv.Martin?]  |b [vydavateľ neznámy]  |c [medzi 1920 a 1951?] 
300 |a 1 pohľadnica 
651 7 |a Martin (Slovensko)  |2 SNKPHgeo  |9 16875 
655 7 |a miestne pohľadnice  |2 SNKPH  |9 70510 
958 |a GC 
958 |a OND 
958 |a GBN 
999 |c 809284  |d 811214 
952 |t P60, <03>, [BOOK], {603}  |a SNK  |b SNK  |y PREZ  |7 0  |p 17A0225720  |o snkSP 19003  |0 0  |1 0  |4 0  |d 2000-01-31  |l 0  |r 2005-01-02 00:00:00  |w 2026-02-24